SIVANANDALAHARI (Record no. 79447)

MARC details
000 -LEADER
fixed length control field 00383nam a2200169Ia 4500
008 - FIXED-LENGTH DATA ELEMENTS--GENERAL INFORMATION
fixed length control field 090123s9999 xx 000 0 und d
082 ## - DEWEY DECIMAL CLASSIFICATION NUMBER
Item number 41372
100 ## - MAIN ENTRY--PERSONAL NAME
Personal name SHREE
245 ## - TITLE STATEMENT
Title SIVANANDALAHARI
250 ## - EDITION STATEMENT
Edition statement 0
260 ## - PUBLICATION, DISTRIBUTION, ETC. (IMPRINT)
Name of publisher, distributor, etc SENTRAL CHINMAY MISSION TRUST
Date of publication, distribution, etc 1989
600 ## - SUBJECT ADDED ENTRY--PERSONAL NAME
Personal name SHREE
630 ## - SUBJECT ADDED ENTRY--UNIFORM TITLE
Uniform title SIVANANDALAHARI
700 ## - ADDED ENTRY--PERSONAL NAME
Personal name SHREE
730 ## - ADDED ENTRY--UNIFORM TITLE
Uniform title SIVANANDALAHARI
942 ## - ADDED ENTRY ELEMENTS (KOHA)
Koha item type Book
Holdings
Withdrawn status Lost status Damaged status Not for loan Home library Current library Date acquired Cost, normal purchase price Total Checkouts Full call number Barcode Date last seen Cost, replacement price Price effective from Koha item type
        Jawahar Wachalanalaya, Kalwa Jawahar Wachalanalaya, Kalwa 07/19/2007 25.00   41372 KLW-41372 01/23/2009 25.00 01/23/2009 Book